书目信息 |
| 题名: |
迷人的科学风采
|
|
| 作者: | 格里宾 , 格里宾 著 ;江向东 译 | |
| 分册: | ||
| 出版信息: | 上海 上海科技教育出版社 1999.09 |
|
| 页数: | 319页 | |
| 开本: | 20cm | |
| 丛书名: | 哲人石丛书 | |
| 单 册: | ||
| 中图分类: | K837.126.11 | |
| 科图分类: | ||
| 主题词: | 科学家--传记--美国 | |
| 电子资源: | ||
| ISBN: | 7-5428-2076-1 | |
| 000 | 00839nam2 2200253 45 | |
| 001 | 0201091184 | |
| 005 | 20050927111423.34 | |
| 010 | @a7-5428-2076-1@dCNY23.30 | |
| 100 | @a20020109d1999 km y0chiy0120 ea | |
| 101 | 0 | @achi |
| 105 | @aa z 000yy | |
| 200 | 1 | @a迷人的科学风采@AMi Ren De Ke Xue Feng Cai@e费恩曼传@EFei En Man Chuan@f(英)约翰·格里宾,玛丽·格里宾著@F(Ying)Yue Han·Ge Li Bin,Ma Li·Ge Li Bin Zhu@g江向东译 |
| 210 | @a上海@c上海科技教育出版社@d1999.09 | |
| 215 | @a319页@c图@d20cm | |
| 225 | @a哲人石丛书@i当代科技名家传记系列 | |
| 410 | @12001 @a哲人石丛书 | |
| 517 | 1 | @a费恩曼传 |
| 606 | 0 | @a科学家@x传记@y美国 |
| 690 | @aK837.126.11@v4 | |
| 701 | 0 | @a格里宾@4著 |
| 701 | 0 | @a格里宾@4著 |
| 702 | 0 | @a江向东@AJiang Xiang Dong@4译 |
| 801 | @aCN@bTSTC@c20050927 | |
| 905 | @f10@b303708-717@dK837.126.11@e354GL | |
| 迷人的科学风采:费恩曼传/(英)约翰·格里宾,玛丽·格里宾著/江向东译.-上海:上海科技教育出版社,1999.09 |
| 319页:图;20cm.-(哲人石丛书.当代科技名家传记系列) |
| ISBN 7-5428-2076-1:CNY23.30 |
| ● |
| 相关链接 |
|
|
|
|
正题名:迷人的科学风采
索取号:K837.126.11/354GL
 
预约/预借
| 序号 | 登录号 | 条形码 | 馆藏地/架位号 | 状态 | 备注 |
| 1 | 0289687 | 002896879 | 密集书库/ [索取号:K837.126.11/354GL] | 在馆 | |
| 2 | 0289688 | 002896888 | 密集书库/ [索取号:K837.126.11/354GL] | 在馆 | |
| 3 | 0289689 | 002896897 | 第二借阅区/ [索取号:K837.126.11/354GL] | 在馆 | |
| 4 | 0289690 | 002896904 | 密集书库/ [索取号:K837.126.11/354GL] | 在馆 | |
| 5 | 0289691 | 002896913 | 密集书库/ [索取号:K837.126.11/354GL] | 在馆 | |
| 6 | 0303708 | 203037089 | 密集书库/ [索取号:K837.126.11/354GL] | 在馆 | |
| 7 | 0303709 | 203037098 | 第二借阅区/ [索取号:K837.126.11/354GL] | 在馆 | |
| 8 | 0303710 | 203037105 | 密集书库/ [索取号:K837.126.11/354GL] | 在馆 | |
| 9 | 0303711 | 203037114 | 第二借阅区/ [索取号:K837.126.11/354GL] | 在馆 | |
| 10 | 0303712 | 203037123 | 密集书库/ [索取号:K837.126.11/354GL] | 在馆 | |
| 11 | 0303713 | 203037132 | 第二借阅区/ [索取号:K837.126.11/354GL] | 在馆 | |
| 12 | 0303714 | 203037141 | 第二借阅区/ [索取号:K837.126.11/354GL] | 在馆 | |
| 13 | 0303715 | 203037150 | 密集书库/ [索取号:K837.126.11/354GL] | 在馆 | |
| 14 | 0303716 | 203037169 | 密集书库/ [索取号:K837.126.11/354GL] | 在馆 | |
| 15 | 0303717 | 203037178 | 第二样本阅览室/ [索取号:K837.126.11/354GL] | 在馆 | |
| 16 | 0363783 | 3637835 | 密集书库/ [索取号:K837.126.11/354GL] | 在馆 | |
| 17 | 0363784 | 3637844 | 密集书库/ [索取号:K837.126.11/354GL] | 在馆 | |
| 18 | 0363785 | 3637853 | 密集书库/ [索取号:K837.126.11/354GL] | 在馆 | |
| 19 | 0363786 | 3637862 | 第二借阅区/ [索取号:K837.126.11/354GL] | 在馆 | |
| 20 | 0363787 | 3637871 | 密集书库/ [索取号:K837.126.11/354GL] | 在馆 | |
| 21 | 0363788 | 3637880 | 密集书库/ [索取号:K837.126.11/354GL] | 在馆 |